000 01180nam0a22002531 4500
001 rc\3323906
005 20260407134843.0
021 _aRU
_bРг11917-77
021 _aRU
_b76-52512
035 _a(NLR Aleph) 007421521
090 _a6920756
_c6920756
100 _a20130115g19691971|||y0rusy50 ca
101 0 _arus
102 _aRU
105 _aa z |||||
200 1 _aИнструкция по измерению динамических характеристик звукоизоляционных материалов
_fМ-во пром-сти строит. материалов СССР. Уральск. науч.-исслед. и проектный ин-т строит. материалов УралНИИстромпроект
210 _aЧелябинск
_cБ. и.
_d1969 (вып. дан. 1971)
215 _a23 с.
_cил.
_d21
712 0 2 _aУральский научно-исследовательский и проектный институт строительных материалов
_cЧелябинск
_9502870
_3RU\NLR\AUTH\8810002818
801 0 _aRU
_bNLR
_gpsbo
801 1 _aRU
_bELAR
_2rusmarc
852 _aNLR
_j77-4/25067
942 _cBOOK
980 _aNB